| 000 | 00418 a2200133 4500 | ||
|---|---|---|---|
| 020 | _a0849312639 | ||
| 040 |
_aDLC _bDLC |
||
| 100 | 1 | _aAttia, John Okyere. | |
| 245 | 1 | 0 |
_aPSPICE and MATLAB for electronics: an integrated appraoch _ban integrated appraoch _cJohn Okyere Attia |
| 260 |
_aBoca Raton, FL : _bCRC Press, _c2002. |
||
| 300 |
_a338 p. : _bill. |
||
| 440 | 0 | _aVLSI circuits series. | |
| 942 |
_cBK _k621.395 ATT _2ddc |
||
| 999 |
_c8439 _d8439 |
||